| 000 | nam a22 a 4500 | ||
|---|---|---|---|
| 999 |
_c328056 _d328056 |
||
| 003 | BLK | ||
| 005 | 20190306114539.0 | ||
| 008 | 181218b bu a|||gr|||| 00| 0 bu d | ||
| 020 | _a9786190102519 | ||
| 040 | _aBLK | ||
| 041 |
_aBUL _cBUL |
||
| 080 |
_aПредмет, обхват и граници на социологията. Социологията като наука _b316.1 _x(063) _z316.1(063) |
||
| 245 |
_aПредизвикателства на докторанти по социология _bСтудентско-докторантски семинар на тема "Дебати в социологията" на Софийският университет "Св. Климент Охридски", катедра "Социология", Гьолечица, 2015 |
||
| 260 |
_9210881 _aСофия _bИзток-Запад _c2018 _g2018 |
||
| 300 |
_a144 с. _bс ил., сх., диагр. _c24 см |
||
| 380 | _a3 | ||
| 500 | _aИнформация за авторите: с. 140-143 | ||
| 504 | _aБиблиогр. след отд. статии | ||
| 650 | 7 |
_9171630 _aСоциология |
|
| 700 |
_91529 _aДимитрова, Вероника _eсъстав. и ред. |
||
| 700 |
_91529 _aСтойкова, Елена _eсъстав. и ред. |
||
| 852 | _aЦб 292741 | ||
| 942 |
_cKNG _n0 |
||
| 944 |
_aCR _c2018-12-18 _kМоника Янева _l2018-12-18 |
||
| 999 | _d328056 | ||